The practitioner’s guide to trials before the patent trial and appeal board

Detalles Bibliográficos
Autor principal: Harmon Arner, Erika
Otros Autores: Daley, Kathleen A., Flibbert, Michael J.
Formato: eBook
Lenguaje:inglés
Publicado: Bruselas: American Bar Association, 2016
Materias:
Acceso en línea:Acceso restringido

MARC

LEADER 00000nam a22000007a 4500
005 20200601144320.0
007 cr|||| ||||
008 200601s2016 eu |||||s|||| 00||0 eng d
020 |a 9781634255721 
035 |a 31610 
040 |a vLex 
090 |c 10469  |d 10469 
100 1 |a Harmon Arner, Erika 
245 1 3 |a The practitioner’s guide to trials before the patent trial and appeal board  |h [Recurso electrn̤ico] /  |c Erika Harmon Arner, Kathleen A. Daley, Michael J. Flibbert 
256 |a Servicio en ln̕ea 
260 |a Bruselas:  |b American Bar Association,  |c 2016 
300 |a 1 recurso electrn̤ico 
506 1 |a Disponible solo en los productos indicados  |d vLex Global  |d vLex Global (Academic Edition, excluding Law Schools)  |d vLex Global (U.S. Academic Edition, Law Schools)  |d vLex Global (U.S. Academic Edition, excluding Law Schools)  |d vLex Global (Academic Edition, Law Schools) 
650 0 4 |a Derecho Constitucional  |z Unin̤ europea 
650 0 4 |a Derecho Mercantil y de la Empresa  |z Unin̤ europea 
700 1 |a Daley, Kathleen A. 
700 1 |a Flibbert, Michael J. 
740 0 |a vLex Libros (Servicio en ln̕ea) 
856 4 0 |u http://vlex.com/source/practitioners-guide-trials-before-patent-trial-appeal-board-31610  |z Acceso restringido 
942 |c BOOK 
999 0 |a Constitutional Law 
999 0 |a Commercial and Company Law